| 000 | 00000nam 22000008a 4500 |
| 001 | 9.841763 |
| 003 | CaOODSP |
| 005 | 20221107152152 |
| 007 | cr ||||||||||| |
| 008 | 170915s1986 onc o f000 0 eng d |
| 040 | |aCaOODSP|beng |
| 043 | |an-cn--- |
| 086 | 1 |aR5-384/1986E-PDF |
| 100 | 1 |aObomsawin, Raymond. |
| 245 | 10|aAlternatives in development and education for Indigenous communities in Canada |h[electronic resource] / |cRaymond Obomsawin. |
| 260 | |a[Ottawa] : |bINAC, Evaluation Directorate, |c1986. |
| 300 | |a[135] p. |
| 500 | |a"July 1986." |
| 500 | |aDigitized edition from print [produced by Indigenous and Northern Affairs Canada]. |
| 504 | |aIncludes bibliographical references. |
| 520 | |a"It is the purpose of this paper to provide a forward-looking perspective on effective developmental - educational measures to help Indigenous people to restore as much as possible of the truly advanced human and community development features as exemplified in their traditional values and life system."--p. 2. |
| 692 | 07|2gccst|aAboriginal peoples |
| 692 | 07|2gccst|aAboriginal culture |
| 692 | 07|2gccst|aFederal government |
| 710 | 1 |aCanada. |bIndian and Northern Affairs Canada. |
| 856 | 40|qPDF|s3.01 MB|uhttps://publications.gc.ca/collections/collection_2017/aanc-inac/R5-384-1986-eng.pdf |